000 00263nam a22001337a 4500
008 180917b xxu||||| |||| 00| 0 eng d
041 _aeng
080 _a7
082 _a7
100 _a45
101 _aART
245 _aFlorence
_cSantini,L
942 _2udc
_cBK
999 _c47838
_d47838